Mezi literaturami : česko-slovenské literární reflexe ve středoevropských souřadnicích /

Hlavní autor: Pokorný, Milan, 1961-
Korporativní autor: Jihočeská univerzita. Pedagogická fakulta
Jazyk: Čeština
Vydáno: České Budějovice : Jihočeská univerzita v Českých Budějovicích, 2016
Vydání: 1. vydání
Témata:
Fyzický popis: 240 stran ; 21 cm
Knihy
Uloženo v:
LEADER 03036nam a2200733 i 4500
001 nkc20172875186
003 CZ PrNK
005 20180416124359.0
007 ta
008 170119s2016 xr f 000 0 cze
015 |a cnb002875186 
020 |a 978-80-7394-616-6  |q (brožováno) 
035 |a (OCoLC)982107839 
040 |a OLA001  |b cze  |e rda 
043 |a ec-----  |a e-xo---  |a e-xr--- 
045 |a w-y- 
072 7 |a 821.162.09  |x Západoslovanské literatury (o nich)  |2 Konspekt  |9 11 
080 |a 821.162.3  |2 MRF 
080 |a 821.162.4  |2 MRF 
080 |a 82.091  |2 MRF 
080 |a 316.73  |2 MRF 
080 |a 82:316.347  |2 MRF 
080 |a 80(=16)+908(4)  |2 MRF 
080 |a 316.72/.75  |2 MRF 
080 |a (4-191.2)  |2 MRF 
080 |a (437.3)  |2 MRF 
080 |a (437.6)  |2 MRF 
080 |a (081)  |2 MRF 
100 1 |a Pokorný, Milan,  |d 1961-  |7 mzk2006322874  |4 aut 
245 1 0 |a Mezi literaturami :  |b česko-slovenské literární reflexe ve středoevropských souřadnicích /  |c Milan Pokorný 
250 |a 1. vydání 
264 1 |a České Budějovice :  |b Jihočeská univerzita v Českých Budějovicích,  |c 2016 
300 |a 240 stran ;  |c 21 cm 
336 |a text  |b txt  |2 rdacontent 
337 |a bez média  |b n  |2 rdamedia 
338 |a svazek  |b nc  |2 rdacarrier 
500 |a Na obálce nad názvem: Jihočeská univerzita v Českých Budějovicích, Pedagogická fakulta 
504 |a Obsahuje bibliografii a bibliografické odkazy 
648 7 |a 19.-21. století  |7 ch757016  |2 czenas 
650 0 7 |a česká literatura  |7 ph116858  |y 19.-21. století  |2 czenas 
650 0 7 |a slovenská literatura  |7 ph125661  |y 19.-21. století  |2 czenas 
650 0 7 |a literární vlivy  |7 ph138746  |2 czenas 
650 0 7 |a kulturní vlivy  |7 ph166541  |2 czenas 
650 0 7 |a národní identita v literatuře  |7 ph241940  |2 czenas 
650 0 7 |a slavistika  |7 ph116178  |z Evropa střední  |y 19.-21. století  |2 czenas 
650 0 9 |a Czech literature  |y 19th-21st centuries  |2 eczenas 
650 0 9 |a Slovak literature  |y 19th-21st centuries  |2 eczenas 
650 0 9 |a literary influences  |2 eczenas 
650 0 9 |a culture's influence  |2 eczenas 
650 0 9 |a national identity in literature  |2 eczenas 
650 0 9 |a Slavic studies  |z Europe, Central  |y 19th-21st centuries  |2 eczenas 
651 7 |a Česko  |7 ge128065  |x kulturní vztahy  |y 19.-21. století  |2 czenas 
651 7 |a Slovensko  |7 ge128580  |x kulturní vztahy  |y 19.-21. století  |2 czenas 
651 9 |a Czechia  |x cultural relations  |y 19th-21st centuries  |2 eczenas 
651 9 |a Slovakia  |x cultural relations  |y 19th-21st centuries  |2 eczenas 
655 7 |a sborníky  |7 fd163935  |2 czenas 
655 9 |a papers by one author  |2 eczenas 
710 2 |a Jihočeská univerzita.  |b Pedagogická fakulta  |7 kn20010710222  |4 isb 
910 2 |a BOA001  |b 2-1381.900 
990 |a BK 
995 |a 01 
991 |b 201702  |c NOV 
996 6 |b 2610699104  |c 2-1381.900  |l MZK  |r Sklad / do 1 hodiny  |n 3  |p p.v.  |w 001600653  |u 000010  |a 1  |e BOA001  |j MZK50  |s P 
996 7 |b 2610740585  |c 2-1381.900  |l MZK  |r Sklad / do 1 hodiny  |n 1  |p kup  |w 001600653  |u 000020  |a 1  |e BOA001  |j MZK50  |s A